Important Russian Cities - Sudden Death - Statistics

General Stats
  • This quiz has been taken 93 times
  • The average score is 9 of 15
Answers on the Grid
Answers color-coded by a green-red scale on the quiz's grid according to % correct below.
Moscow
Novosibirsk
Saint Petersburg
Yekaterinburg
Penza
Perm
Ufa
Smolensk
Arkhangelsk
Chelyabinsk
Pskov
Rostov-On-Don
Volgograd
Makhachkala
Grozny
Minsk
Polotsk
Donbass
Baku
Beijing
Raknabinsk
Zatragrad
Calvenburg
Washington DC
Tumsk
Warsaw
Tallinn
Marmunsk
Istanbul
Armenia
 
Answer Stats
Answer % Correct
Moscow
81%
Saint Petersburg
76%
Volgograd
74%
Yekaterinburg
67%
Novosibirsk
66%
Rostov-On-Don
66%
Chelyabinsk
60%
Grozny
53%
Smolensk
53%
Ufa
53%
Arkhangelsk
48%
Perm
47%
Makhachkala
43%
Pskov
43%
Penza
38%
No matching quizzes found
Score Distribution
Percent of People with Each Score
Percentile by Number Answered
Your Score History
You have not taken this quiz